Statistiken für Jordanien-Quiz

Klicken Sie hier um das Quiz zu spielen!

Allgemein

  • Dieses Quiz wurde 752 mal gespielt
  • Das Durchschnittsergebnis liegt bei 14 aus 20

Antwortstatistiken

FrageAntwort% Korrekt
NachbarlandIsrael
98%
AmtsspracheArabisch
97%
NachbarlandSyrien
96%
NachbarlandSaudi Arabien
94%
NachbarlandIrak
92%
HauptstadtAmman
89%
Meer, zu dem Jordanien via dem Golf von Akaba Zugang hatRotes Meer
89%
Fluss an der WestgrenzeJordan
86%
Binnenmeer, dessen Ufer weltweit die tiefsten Landstellen sindTotes Meer
84%
Antike Ruinenstadt, die die meistbesuchte Sehenswürdigkeit Jordaniens istPetra
74%
Die Wüste Wadi Rum ist für Filmemacher besonders interessant, denn sie sieht aus wie die Oberfläche des...Mars
73%
Jordanien war 1921-46 Mandat dieses LandesVereinigtes Königreich
72%
Brei aus Kichererbsen, oft mit Pita-Brot serviertHummus
62%
WährungDinar
57%
"Aufgehende" Region, zu der Jordanien gehört (Anfangsbuchstabe L)Levante
41%
Aktueller KönigAbdullah II
39%
Ehemaliger Name der Region{Trans}jordanien
36%
Ehemaliger König, 1952–1999Hussein
32%
Aktuelle KöniginRania
30%
Offizieller Name Jordaniens{Haschemitisches} Königreich Jordanien
27%

Verteilung der Resultate

Perzentil nach korrekt beantworteten Fragen

Anzahl Personen mit jedem Resultat

Ihre Resultats-Entwicklung

Sie haben dieses Quiz noch nicht gespielt